| 000 | 00981 a2200229 4500 | ||
|---|---|---|---|
| 001 | 30092 | ||
| 005 | 20260407155612.0 | ||
| 008 | 260407a1994 arg spa d | ||
| 003 | AR-UNSa-BCEJYS | ||
| 040 |
_aAR-UNSa-BCEJYS _bspa _cAR-UNSa-BCEJYS |
||
| 080 |
_a657(083) _xResoluciones Técnicas Contables. Informes |
||
| 245 | 1 | 0 | _aEstado de origen y aplicación del capital corriente |
| 264 | 1 |
_aBuenos Aires : _bReisa _c1994 |
|
| 300 |
_a85 p. _c28 cm. |
||
| 505 | _a1. Conceptos básicos - 2. Metodología general - 3. Origenes de fondos - 4. Aplicación de fondos - 5. Gastos e ingresos que no significan aplicación u origen del capital corriente - 6. Metodología y caso resumen - 7. Casos de ejercitación. | ||
| 041 | _aspa | ||
| 942 | _cBK | ||
| 590 | _aniveau_biblio:m niveau_hierar:0 | ||
| 100 | 1 | _aSenderovich, Pablo David | |
| 700 | 1 | _aSenderovich, Isaac Aizik | |
| 856 | 4 | 1 |
_uhttps://biblioeco.unsa.edu.ar/pmb/images/libros/L69760_.jpg _yImagen de portada _qimage/jpeg |
| 999 |
_c2018 _d2018 |
||